Normal view
MARC view
- Grinding and polishing
Entry Topical Term
001 - CONTROL NUMBER
- control field: 42168
003 - CONTROL NUMBER IDENTIFIER
- control field: NUST
005 - DATE AND TIME OF LATEST TRANSACTION
- control field: 20210314132225.0
008 - FIXED-LENGTH DATA ELEMENTS
- fixed length control field: 210314|| aca||aabn | a|a d
040 ## - CATALOGING SOURCE
- Original cataloging agency: NUST
- Transcribing agency: NUST
150 ## - HEADING--TOPICAL TERM
- Topical term or geographic name entry element: Grinding and polishing
670 ## - SOURCE DATA FOUND
- Source citation: Work cat.: (NUST): Jacobs, Frederic Burnham, 42167, Abrasives & abrasive wheels, their nature, manufacture and use;, 1919.
